000 01030naa a22002777a 4500
001 BR7802950
003 BR-BrBNA
005 20240918174100.0
007 ta
008 230509b bl.||||| |||| 00| 0 por d
040 _aBR-BrBNA
_bpor
_cBiblioteca Nacional de Agricultura
041 _a(Pt)
072 _aF60
_b0430
090 _aF60 BR7802950
100 1 _aOliveira, J.P. de
245 1 _aEstudo das relacoes entre enfolhamento e produtividade no algodoeiro moco (Gossypium hirsutum Marie Galante)
260 3 _aFortaleza, CE (Brasil):
_c1977.
500 _aConvenio SUDENE/UFC. Projeto de Pesquisa e Experimentacao com a Cultura Algodoeira Fortaleza, CE (Brasil): 1977. p. 1-8 (BR7802950-AM)F60
650 _aALGODAO MOCO
650 _aCRESCIMENTO
650 _aFOLHA
650 _aRENDIMENTO
773 0 _tConvenio SUDENE/UFC. Projeto de Pesquisa e Experimentacao com a Cultura Algodoeira
_b
_wF60 BR7802950
_gFortaleza, CE (Brasil), 1977. p. 1-8
909 _a202404
_bLucia
_c55
_dLucia Elande
942 _cAM
_2AGRIS
999 _c308800
_d308800